|
|
|
|
| LEADER |
00000nam0a2200000 4500 |
| 001 |
102768 |
| 005 |
20231031113113.0 |
| 035 |
|
|
|a (RuTPU)RU\TPU\book\110812
|
| 090 |
|
|
|a 102768
|
| 100 |
|
|
|a 20061005d1979 k y0rusy50 ca
|
| 101 |
0 |
|
|a rus
|
| 102 |
|
|
|a RU
|
| 105 |
|
|
|a a z 001zy
|
| 200 |
1 |
|
|a Океанология. Геология океана. Осадкообразование и магматизм океана
|f Академия Наук СССР; Институт океанологии им. П. П. Ширшова; отв. ред. П. Л. Безруков
|
| 210 |
|
|
|a Москва
|c Наука
|d 1979
|
| 215 |
|
|
|a 415 с.
|c ил.
|
| 225 |
1 |
|
|a Океанология
|f гл. ред. А. С. Монин
|
| 320 |
|
|
|a Библиогр.: с. 378-403.
|
| 320 |
|
|
|a Предметный указатель: с. 404-408.
|
| 320 |
|
|
|a Именной указатель: с. 409-413.
|
| 610 |
1 |
|
|a океанология
|
| 610 |
1 |
|
|a океаны
|
| 610 |
1 |
|
|a океанское дно
|
| 610 |
1 |
|
|a донные отложения
|
| 610 |
1 |
|
|a магматические породы
|
| 610 |
1 |
|
|a метаморфические породы
|
| 610 |
1 |
|
|a вулканизм
|
| 610 |
1 |
|
|a осадки
|
| 610 |
1 |
|
|a осадочные породы
|
| 610 |
1 |
|
|a океанские осадконакопления
|
| 610 |
1 |
|
|a минералогия
|
| 610 |
1 |
|
|a океанские фации
|
| 610 |
1 |
|
|a нефтегазоносность
|
| 610 |
1 |
|
|a подводные недра
|
| 610 |
1 |
|
|a железомарганцевые конкреционные руды
|
| 610 |
1 |
|
|a фосфориты
|
| 675 |
|
|
|a 551.46
|v 3
|
| 675 |
|
|
|a 551.462
|v 3
|
| 702 |
|
1 |
|a Безруков
|b П. Л.
|4 340
|
| 702 |
|
1 |
|a Монин
|b А. С.
|4 651
|
| 712 |
0 |
2 |
|a Академия наук СССР (АН СССР)
|b Институт океанологии им. П. П. Ширшова (ИО)
|c (Москва)
|2 stltpush
|3 (RuTPU)RU\TPU\col\6016
|
| 801 |
|
1 |
|a RU
|b 63413507
|c 20061005
|g PSBO
|
| 801 |
|
2 |
|a RU
|b 63413507
|c 20071121
|g PSBO
|
| 942 |
|
|
|c BK
|